000
00340nam a2200157Ia 4500
003
Ost
005
20260225132551.0
008
260225s9999||||xx |||||||||||||| ||und||
040
_c
fsic
041
_a
fre
082
_a
920
100
_a
George sadaul
_e
Auteur
245
0
_a
Vie de chartot /
245
0
_c
George sadaul
942
_c
كتاب
999
_c
34136
_d
34136